Statistics for Taylor Swift - Is It Over Now Lyrics

Click here to take the quiz!

General Stats

  • This quiz has been taken 35 times
  • The average score is 338 of 362

Answer Stats

Answer% Correct
a
100%
and
100%
And
100%
be
100%
had
100%
he
100%
I
100%
is
100%
it
100%
no
100%
now?
100%
over
100%
she
100%
the
100%
then
100%
to
100%
was
100%
Was
100%
When
100%
when
100%
you
100%
You
100%
you?
100%
At
96%
bed
96%
before
96%
blouse?
96%
blue
96%
Blue
96%
called
96%
"Come
96%
come
96%
couch?
96%
did
96%
down
96%
dream
96%
every
96%
for
96%
go
96%
greater
96%
her
96%
in
96%
laid
96%
lying
96%
maiden's
96%
mouth
96%
my
96%
of
96%
Off
96%
on
96%
search
96%
see
96%
something
96%
Think
96%
think
96%
traitor
96%
your
96%
Your
96%
about
92%
as
92%
baby
92%
Baby
92%
been
92%
but
92%
clone
92%
coffees
92%
date
92%
ear
92%
fast
92%
forward
92%
girl
92%
here"
92%
hips
92%
I've
92%
jumping
92%
later
92%
Let's
92%
lord
92%
model's
92%
new
92%
Oh
92%
oh)
92%
oh
92%
out
92%
rumors
92%
takeout
92%
tall
92%
There
92%
there
92%
unbuttoned
92%
unsuspecting
92%
waiters
92%
were
92%
whispered
92%
300
88%
blind
88%
boat
88%
dates
88%
decency
88%
dress
88%
eyes
88%
(Flashing
88%
flashing
88%
Just
88%
keep
88%
least
88%
lights
88%
nights
88%
passed
88%
probably
88%
profile
88%
(running)
88%
running
88%
say
88%
sight
88%
smile
88%
somethings
88%
that
88%
thighs
88%
very
88%
will
88%
you'll
88%
awkward
83%
didn't
83%
flight
83%
flown
83%
got
83%
If
83%
Once
83%
one
83%
Only
83%
she's
83%
surmise
83%
thing
83%
wanting
83%
wouldn't
83%
all
79%
blood
79%
'bout
79%
control
79%
lost
79%
Red
79%
white
79%
you'd
79%
alone
75%
rose
75%
snow
75%
still
75%
sighs
71%
slept
71%
wilt
71%
With
71%
hoping
63%

Score Distribution

Percentile by Number Answered

Percent of People with Each Score

Your Score History

You have not taken this quiz